| 000 | 00463nam a2200181Ia 4500 | ||
|---|---|---|---|
| 003 | GCL | ||
| 008 | 140319s9999 xx 000 0 eng d | ||
| 040 |
_aGCL / _cGCL |
||
| 082 | 0 | 4 |
_a781.2 _bG M |
| 100 | 1 | _aGRETZ, RONALD | |
| 245 | 1 | 0 |
_aMUSIC LANGUAGE & FUNDAMENTALS / _cGRETZ, RONALD |
| 260 |
_a[S.N] : _bWCB BROWN & BENCHANARK ، _c1994 |
||
| 300 | _a360 P | ||
| 650 | 0 | 4 | _aMUSIC |
| 650 | 0 | 4 | _aMUSIC - FORMS |
| 650 | 0 | 4 | _aMUSIC - ELEMENTS |
| 942 |
_2ddc _cBK |
||
| 999 |
_c11779 _d11779 |
||